Detroit Metropolitan Airport Destinations (Detroit, MI, USA) - Statistics

General Stats
  • This quiz has been taken 205 times
    95 since last reset
  • The average score is 94 of 132
Answer Stats
Airline Destination % Correct
American Airlines/Delta Air Lines/Frontier Airlines/Spirit Airlines Dallas/Fort Worth
98%
Delta Air Lines/Spirit Airlines/United Airlines/United Express Houston (Intercontinental)
96%
Delta Air Lines/Spirit Airlines Los Angeles
96%
Delta Air Lines/Frontier Airlines/Southwest Airlines/Spirit Airlines Orlando
96%
Delta Air Lines/United Airlines San Francisco
96%
Delta Air Lines/Frontier Airlines/Spirit Airlines Atlanta
94%
Delta Air Lines/Frontier Airlines/Southwest Airlines/United Airlines Denver
94%
Delta Air Lines London (Heathrow)
94%
American Airlines/Delta Air Lines Miami
94%
Air Canada Express/Delta Connection Montréal (Trudeau)
94%
Air France/Delta Air Lines Paris (Charles de Gaulle)
94%
Air Canada Express/Delta Connection Toronto (Pearson)
94%
Delta Connection/Southwest Airlines Chicago (Midway)
92%
American Airlines/American Eagle/Delta Air Lines/United Airlines/United Express Chicago (O'Hare)
92%
American Airlines/Delta Air Lines/Frontier Airlines/Southwest Airlines/Spirit Airlines Phoenix (Sky Harbor)
92%
Delta Air Lines/Delta Connection Portland (ME)
92%
Delta Air Lines Portland (OR)
92%
Delta Air Lines/Spirit Airlines San Diego
92%
Alaska Airlines/Delta Air Lines Seattle/Tacoma
92%
Delta Air Lines/Southwest Airlines/Spirit Airlines Tampa
92%
Delta Air Lines/JetBlue/Spirit Airlines Boston
90%
Delta Air Lines/Spirit Airlines Kansas City
90%
Delta Air Lines/Spirit Airlines/Sun Country Airlines Minneapolis/St. Paul
90%
Delta Air Lines/Delta Connection/JetBlue New York (JFK)
90%
American Eagle/Delta Air Lines/Spirit Airlines New York (LaGuardia)
90%
WestJet Vancouver
90%
Delta Connection/United Airlines/United Express Washington (Dulles)
90%
American Airlines/American Eagle/Delta Air Lines Washington (National)
90%
Delta Air Lines/Spirit Airlines Austin
88%
Delta Air Lines/Frontier Airlines/Spirit Airlines Cancún
88%
American Airlines/Delta Air Lines/Spirit Airlines Charlotte
88%
Delta Connection Cincinnati
88%
Delta Connection Columbus (Glenn)
88%
Delta Air Lines Jacksonville (FL)
88%
Delta Air Lines/Southwest Airlines/Spirit Airlines Las Vegas
88%
Delta Air Lines Mexico City
88%
Delta Air Lines/Spirit Airlines San Antonio
88%
Delta Connection Cleveland
86%
Delta Connection Indianapolis
86%
Delta Air Lines/Delta Connection/Spirit Airlines Milwaukee
86%
Delta Air Lines/Southwest Airlines/Spirit Airlines Nashville
86%
Delta Air Lines/Spirit Airlines/United Airlines/United Express Newark
86%
Delta Air Lines/Spirit Airlines New Orleans
86%
American Airlines/American Eagle/Delta Air Lines/Spirit Airlines Philadelphia
86%
Delta Air Lines/Frontier Airlines/Southwest Airlines/Spirit Airlines Baltimore
84%
WestJet Calgary
84%
Delta Air Lines Honolulu
84%
Delta Air Lines/Delta Connection/Spirit Airlines Memphis
84%
Delta Air Lines/Delta Connection Pittsburgh
84%
Delta Air Lines/Spirit Airlines Salt Lake City
84%
Delta Air Lines/Southwest Airlines/Spirit Airlines St. Louis
84%
Alaska Airlines/Delta Air Lines Anchorage
82%
Delta Air Lines/Delta Connection Grand Rapids
82%
Delta Connection/Spirit Airlines Louisville
82%
Royal Jordanian Amman (Queen Alia)
80%
Delta Air Lines/Delta Connection Buffalo
80%
Turkish Airlines Istanbul
80%
Delta Air Lines/Delta Connection Madison
80%
Delta Connection Omaha
80%
Delta Air Lines/Frontier Airlines/Spirit Airlines Raleigh/Durham
80%
Delta Air Lines San Jose (CA)
80%
Delta Air Lines San José del Cabo
80%
Delta Air Lines Tokyo (Haneda)
80%
Delta Connection Des Moines
78%
Delta Air Lines Rome (Fiumicino)
78%
Delta Connection/Spirit Airlines Charleston (SC)
76%
Delta Air Lines/Spirit Airlines Fort Lauderdale
76%
Delta Air Lines/Lufthansa Frankfurt
76%
Delta Connection Rochester (NY)
76%
Delta Air Lines Sacramento
76%
Delta Air Lines/Delta Connection Albany
74%
Delta Air Lines Dublin
74%
Delta Air Lines/Spirit Airlines Fort Myers
74%
Delta Air Lines/Delta Connection/Spirit Airlines Richmond
74%
Delta Connection Knoxville
72%
Delta Air Lines Munich
72%
Delta Air Lines/Icelandair Reykjavík
70%
Delta Air Lines/Spirit Airlines San Juan
70%
Delta Air Lines Amsterdam
68%
Delta Connection/Spirit Airlines Birmingham (AL)
68%
Delta Connection Lexington
68%
Delta Air Lines/Delta Connection/Spirit Airlines Savannah
68%
Delta Air Lines/Delta Connection Syracuse
68%
Delta Connection Greensboro
66%
Delta Air Lines/Spirit Airlines Hartford
66%
Delta Connection Providence
66%
Delta Connection Fort Wayne
64%
Delta Air Lines/Delta Connection Greenville/Spartanburg
64%
Delta Connection Harrisburg
64%
Delta Connection Lansing
64%
Aeroméxico Connect Monterrey
64%
Delta Air Lines Nassau
64%
Delta Connection/Spirit Airlines Norfolk
64%
Delta Air Lines Seoul (Incheon)
64%
Delta Connection Green Bay
62%
Delta Air Lines/Spirit Airlines Myrtle Beach
60%
Delta Air Lines Shanghai (Pudong)
60%
Delta Air Lines West Palm Beach
60%
Delta Connection Chattanooga
58%
Delta Connection Huntsville
58%
Delta Air Lines/Spirit Airlines Punta Cana
58%
Delta Connection Kalamazoo
56%
Delta Air Lines Destin/Fort Walton Beach
54%
Delta Connection Fayetteville/Bentonville
54%
Delta Connection Marquette
54%
Delta Air Lines/Spirit Airlines Pensacola
54%
Delta Air Lines Sarasota
54%
Delta Air Lines/Delta Connection Traverse City
54%
Avelo Airliens Wilmington (NC)
54%
Delta Connection Burlington (VT)
50%
Delta Air Lines Orange County
48%
Delta Connection South Bend
48%
Delta Connection Appleton
46%
Delta Air Lines Bozeman
46%
Delta Connection Saginaw
46%
Avelo Airlines New Haven
44%
Delta Air Lines Puerto Vallarta
44%
Delta Connection Bangor
42%
Delta Air Lines Montego Bay
42%
Delta Connection Sault Ste. Marie (MI)
38%
Delta Connection White Plains
36%
Delta Air Lines Grand Cayman
32%
Delta Air Lines Providenciales
30%
Delta Connection Iron Mountain
28%
Delta Air Lines Tulum
28%
Delta Connection Elmira
26%
Aeroméxico Connect Querétaro
26%
Delta Connection Binghamton
24%
Delta Connection Alpena
22%
Delta Connection Escanaba (MI)
22%
Delta Air Lines Liberia (CR)
22%
Delta Connection Pellston
18%
No matching quizzes found
Score Distribution
Percent of People with Each Score
Percentile by Number Answered
Your Score History
You have not taken this quiz since the last reset